[Event "WchT Blitz Pool A"]
[Site "London"]
[Date "2025.06.14"]
[Round "3.5"]
[White "Osmak, Iulija"]
[Black "Ho, Ngoc Hai Dang"]
[Result "1-0"]
[WhiteElo "2468"]
[BlackElo "1932"]
[PlyCount "70"]
[EventDate "2025.06.14"]
[EventType "team-tourn"]
[EventRounds "13"]
[EventCountry "ENG"]
[SourceTitle "CB25_2025"]
[SourceDate "2025.06.18"]
[SourceVersion "1"]
[SourceVersionDate "2025.06.18"]
[SourceQuality "1"]
[WhiteTeam "Ashdod Elit CC"]
[BlackTeam "Berlin Lasker Legends"]
[WhiteTeamCountry "ISR"]
[BlackTeamCountry "GER"]

1. e4 e5 2. Nf3 Nc6 3. Nc3 Nf6 4. Bb5 Bc5 5. 0-0 d6 6. d4 exd4 7. Nxd4 Bd7 8. Nxc6 bxc6 9. Bd3 h6 10. h3 0-0 11. Kh1 Re8 12. f4 Bb4 13. Qf3 Qe7 14. e5 Bxc3 15. bxc3 dxe5 16. fxe5 Qxe5 17. Bxh6 gxh6 18. Qxf6 Qxf6 19. Rxf6 Re6 20. Rf4 Rae8 21. Raf1 R8e7 22. Bc4 Re1 23. Rxf7 Rxf1+ 24. Rxf1+ Kg7 25. Kh2 Be8 26. Rb1 Bg6 27. Bd3 Bf7 28. a3 a5 29. Rb7 Re5 30. Rxc7 Rc5 31. Ra7 Kf6 32. Kg3 Ke5 33. Kf2 Kf6 34. Ke3 Ke5 35. Rxf7 Kd5 1-0

[Event "WchT Blitz Pool A"]
[Site "London"]
[Date "2025.06.14"]
[Round "10.5"]
[White "Osmak, Iulija"]
[Black "Turlej, Lukasz"]
[Result "1-0"]
[WhiteElo "2468"]
[BlackElo "2105"]
[PlyCount "85"]
[EventDate "2025.06.14"]
[EventType "team-tourn"]
[EventRounds "13"]
[EventCountry "ENG"]
[SourceTitle "CB25_2025"]
[SourceDate "2025.06.18"]
[SourceVersion "1"]
[SourceVersionDate "2025.06.18"]
[SourceQuality "1"]
[WhiteTeam "Ashdod Elit CC"]
[BlackTeam "FIDE MB Team"]
[WhiteTeamCountry "ISR"]

1. b4 Nf6 2. Bb2 e6 3. b5 d5 4. e3 Bd6 5. Nf3 0-0 6. c4 b6 7. Be2 Bb7 8. 0-0 c5 9. d3 Nbd7 10. a4 a5 11. Nbd2 Qe7 12. Qc2 e5 13. cxd5 Nxd5 14. Nc4 Nb4 15. Qb3 Bc7 16. Nfd2 Rad8 17. Bf3 Bxf3 18. Nxf3 f5 19. Nxb6+ Kh8 20. Nc4 e4 21. dxe4 fxe4 22. Nfd2 Qh4 23. g3 Qg4 24. Qd1 Qe6 25. Qh5 Nd3 26. Bc3 Rf5 27. Qg4 Rg8 28. Qxe4 Qxe4 29. Nxe4 Rgf8 30. f4 Re8 31. Ned6 Bxd6 32. Nxd6 Rff8 33. Nxe8 Rxe8 34. Rf3 Nb6 35. Bxa5 Nc4 36. Bc3 Nxe3 37. b6 c4 38. b7 Nd5 39. Be5 Nxe5 40. fxe5 Rb8 41. Rb1 c3 42. a5 c2 43. Rc1 1-0

[Event "WchT Rapid"]
[Site "London"]
[Date "2025.06.12"]
[Round "5.5"]
[White "Lohia, Sohum"]
[Black "Osmak, Iulija"]
[Result "1/2-1/2"]
[WhiteElo "2097"]
[BlackElo "2343"]
[PlyCount "60"]
[EventDate "2025.06.11"]
[EventType "team-swiss"]
[EventRounds "12"]
[EventCountry "ENG"]
[SourceTitle "CB25_2025"]
[SourceDate "2025.06.18"]
[SourceVersion "1"]
[SourceVersionDate "2025.06.18"]
[SourceQuality "1"]
[WhiteTeam "Turkish Airlines Sports"]
[BlackTeam "Ashdod Elit CC"]
[WhiteTeamCountry "TUR"]
[BlackTeamCountry "ISR"]

1. e4 e6 2. d4 d5 3. Nc3 Nf6 4. Bg5 dxe4 5. Nxe4 Be7 6. Bxf6 gxf6 7. Qd3 Nd7 8. 0-0-0 c6 9. g3 b6 10. Bg2 Bb7 11. Nf3 Qc7 12. Nc3 0-0-0 13. Rhe1 f5 14. Qe2 Bf6 15. Ne5 Nxe5 16. dxe5 Rxd1+ 17. Nxd1 Be7 18. f4 h5 19. Ne3 h4 20. g4 fxg4 21. Qxg4 Bc5 22. Nc4 b5 23. Nd2 Qa5 24. a3 Rd8 25. Qe2 Qa4 26. Ne4 Bxa3 27. bxa3 Qxa3+ 28. Kb1 Qb4+ 29. Kc1 Qa3+ 30. Kb1 Qb4+ 1/2-1/2

[Event "WchT Rapid"]
[Site "London"]
[Date "2025.06.12"]
[Round "7.5"]
[White "Ulziikhishig, Khishigbat"]
[Black "Osmak, Iulija"]
[Result "0-1"]
[WhiteElo "2027"]
[BlackElo "2343"]
[PlyCount "122"]
[EventDate "2025.06.11"]
[EventType "team-swiss"]
[EventRounds "12"]
[EventCountry "ENG"]
[SourceTitle "CB25_2025"]
[SourceDate "2025.06.18"]
[SourceVersion "1"]
[SourceVersionDate "2025.06.18"]
[SourceQuality "1"]
[WhiteTeam "The MongolZ"]
[BlackTeam "Ashdod Elit CC"]
[WhiteTeamCountry "MGL"]
[BlackTeamCountry "ISR"]

1. d4 d5 2. c4 dxc4 3. e3 e5 4. Bxc4 Nc6 5. d5 Na5 6. Be2 c6 7. Nc3 Nf6 8. dxc6 Qxd1+ 9. Bxd1 Nxc6 10. Bf3 Bf5 11. e4 Bg6 12. Bg5 Bb4 13. Bxf6 gxf6 14. Nge2 f5 15. exf5 Bxf5 16. 0-0 0-0-0 17. Ng3 Be6 18. Rac1 Rd2 19. Nb5 Kb8 20. a3 Be7 21. b4 f5 22. Rfd1 Rxd1+ 23. Bxd1 Bg5 24. Rb1 Rd8 25. Nf1 Bc4 26. Nc3 Rd3 27. b5 Nd4 28. Na4 Rxa3 29. b6 Bd3 30. bxa7+ Kxa7 31. Rb4 Ra1 32. Nb2 Bxf1 33. Kxf1 b5 34. Rxd4 exd4 35. Ke1 b4 36. g3 b3 37. f4 Bd8 38. Kd2 Ba5+ 39. Kd3 Bc3 40. Bxb3 Bxb2 41. Be6 Ra3+ 42. Kc2 Bc3 43. Bxf5 Ra2+ 44. Kd3 Rxh2 45. g4 h6 46. Be4 Rf2 47. g5 hxg5 48. fxg5 Rd2+ 49. Kc4 Re2 50. Bd3 Rg2 51. g6 Rg5 52. Be4 Kb6 53. Kd3 Kc5 54. Ke2 Kd6 55. Kf3 Ke5 56. Bd3 Bd2 57. Bc2 Bf4 58. Bb1 Rg3+ 59. Kf2 d3 60. Bxd3 Rxd3 61. g7 Rg3 0-1

[Event "FRA-chT Top 12 (Women) GpB"]
[Site "Paris"]
[Date "2025.05.11"]
[Round "5.6"]
[White "Osmak, Iulija"]
[Black "Cornileau, Juliette"]
[Result "1-0"]
[WhiteElo "2471"]
[BlackElo "2076"]
[PlyCount "59"]
[EventDate "2025.05.08"]
[EventType "team-tourn"]
[EventRounds "5"]
[EventCountry "FRA"]
[SourceTitle "CB20_2025"]
[SourceDate "2025.05.14"]
[SourceVersion "1"]
[SourceVersionDate "2025.05.14"]
[SourceQuality "1"]
[WhiteTeam "Chartres (W)"]
[BlackTeam "Marseille (W)"]
[WhiteTeamCountry "FRA"]
[BlackTeamCountry "FRA"]

1. d4 Nf6 2. c4 e6 3. Nc3 Bb4 4. a3 Bxc3+ 5. bxc3 d5 6. cxd5 exd5 7. e3 0-0 8. Bd3 b6 9. Ne2 c5 10. 0-0 Ba6 11. f3 Bxd3 12. Qxd3 Re8 13. Ng3 Nc6 14. Bb2 c4 15. Qe2 h5 16. Rae1 b5 17. Qc2 Qb6 18. Kh1 g6 19. Qf2 Re7 20. e4 h4 21. Ne2 dxe4 22. Qxh4 Kg7 23. Ng3 exf3 24. Nf5+ gxf5 25. Qg5+ Kh7 26. Qxf5+ Kg7 27. Qxf3 Nd5 28. Qxd5 Rae8 29. Qg5+ Kh7 30. Re4 1-0

[Event "FRA-chT Top 12 (Women) GpB"]
[Site "Paris"]
[Date "2025.05.10"]
[Round "4.2"]
[White "Maisuradze, Nino"]
[Black "Osmak, Iulija"]
[Result "0-1"]
[WhiteElo "2154"]
[BlackElo "2471"]
[PlyCount "128"]
[EventDate "2025.05.08"]
[EventType "team-tourn"]
[EventRounds "5"]
[EventCountry "FRA"]
[SourceTitle "CB20_2025"]
[SourceDate "2025.05.14"]
[SourceVersion "1"]
[SourceVersionDate "2025.05.14"]
[SourceQuality "1"]
[WhiteTeam "Barreau de Paris (W)"]
[BlackTeam "Chartres (W)"]
[WhiteTeamCountry "FRA"]
[BlackTeamCountry "FRA"]

1. d4 Nf6 2. Nf3 e6 3. e3 b6 4. Bd3 Bb7 5. Nbd2 d5 6. 0-0 Be7 7. b3 0-0 8. Bb2 Nbd7 9. Ne5 Nxe5 10. dxe5 Nd7 11. Qh5 g6 12. Qg4 Nc5 13. Be2 a5 14. a4 f5 15. Qh3 Ba6 16. Bxa6 Nxa6 17. Rfd1 Qe8 18. f3 Nb4 19. Rac1 Rf7 20. Kh1 Qc6 21. e4 dxe4 22. fxe4 Na2 23. Ra1 Qxc2 24. Nc4 Nb4 25. exf5 Qxf5 26. Qxf5 gxf5 27. Rd7 Bg5 28. Rdd1 Rd8 29. Rxd8+ Bxd8 30. Rd1 Bg5 31. g3 Nd5 32. Rd3 Rd7 33. h4 Bh6 34. Kh2 Kf7 35. g4 fxg4 36. Kg3 Ke8 37. Rd4 Nb4 38. Kxg4 Rxd4+ 39. Bxd4 Nd5 40. Kh5 Bc1 41. Bb2 Bf4 42. Kg4 Kf7 43. Kh5 Nb4 44. Bc3 Nd3 45. Kg4 Bc1 46. Bd4 Bh6 47. Kh5 Bg7 48. Nxb6 cxb6 49. Bxb6 Nf4+ 50. Kg5 Bxe5 51. Bxa5 Nd5 52. Bd2 Bc3 53. Bc1 Kg7 54. h5 Kf7 55. Kh6 Kg8 56. Kg5 Kg7 57. h6+ Kf7 58. Ba3 Bd2+ 59. Kg4 Kg6 60. Bf8 Bxh6 61. Bc5 Bd2 62. Kf3 Kf5 63. Ke2 Bb4 64. Bg1 Ke5 0-1

[Event "FRA-chT rapid"]
[Site "Cappelle la Grande"]
[Date "2025.04.21"]
[Round "15.5"]
[White "Osmak, Iulija"]
[Black "Lemonnier, Antoine"]
[Result "1-0"]
[WhiteElo "2332"]
[BlackElo "2061"]
[PlyCount "153"]
[EventDate "2025.04.19"]
[EventType "team-swiss (rapid)"]
[EventRounds "15"]
[EventCountry "FRA"]
[SourceTitle "CB17_2025"]
[SourceDate "2025.04.23"]
[SourceVersion "1"]
[SourceVersionDate "2025.04.23"]
[SourceQuality "1"]

1. e4 e5 2. Nf3 Nc6 3. Bb5 a6 4. Ba4 Nf6 5. Qe2 b5 6. Bb3 Bc5 7. c3 0-0 8. d3 h6 9. Nbd2 d6 10. h3 Ba7 11. Nf1 Na5 12. Bc2 c5 13. g4 Nh7 14. Rg1 Ng5 15. Nxg5 hxg5 16. h4 gxh4 17. g5 g6 18. Ne3 Kg7 19. Nd5 Rh8 20. Be3 Be6 21. Nf6 Nc6 22. Bb3 Bxb3 23. axb3 Bb6 24. Rh1 Qc8 25. 0-0-0 Qe6 26. Nd5 Bd8 27. f4 exf4 28. Bxf4 b4 29. Kc2 a5 30. Ra1 Rh5 31. Bd2 Qe5 32. Bf4 Qe6 33. Qh2 Ne5 34. Qg2 h3 35. Qg3 Rc8 36. Rh2 Be7 37. Rxa5 Nc6 38. Ra6 c4 39. bxc4 bxc3 40. bxc3 Nd8 41. Ra7 Nc6 42. Rb7 Ra8 43. Kd2 Bd8 44. Ke3 Na5 45. Rb5 Nc6 46. Nb4 Ne5 47. Bxe5+ dxe5 48. Kf3 Bxg5 49. Qxe5+ Qxe5 50. Rxe5 Ra3 51. Nd5 f6 52. Re7+ Kf8 53. Rb7 Bh6 54. Kg4 Ra1 55. Nxf6 Rg1+ 56. Kf3 Rh4 57. Nd5 Rf1+ 58. Ke2 Rc1 59. Rb2 Rg4 60. Rxh3 Rg2+ 61. Kf3 Rxb2 62. Rxh6 Kg7 63. Rh3 Rf1+ 64. Ke3 g5 65. Rg3 Kg6 66. c5 Kh5 67. c6 Kh4 68. c7 Rf8 69. Rf3 Rc8 70. Rf7 Rb7 71. Rh7+ Kg3 72. e5 g4 73. e6 Kg2 74. e7 g3 75. Rf7 Kg1 76. Rf8 Rbxc7 77. Nxc7 1-0

[Event "FRA-chT rapid"]
[Site "Cappelle la Grande"]
[Date "2025.04.20"]
[Round "9.9"]
[White "Budak, Rewi"]
[Black "Osmak, Iulija"]
[Result "0-1"]
[WhiteElo "2209"]
[BlackElo "2332"]
[PlyCount "106"]
[EventDate "2025.04.19"]
[EventType "team-swiss (rapid)"]
[EventRounds "15"]
[EventCountry "FRA"]
[SourceTitle "CB17_2025"]
[SourceDate "2025.04.23"]
[SourceVersion "1"]
[SourceVersionDate "2025.04.23"]
[SourceQuality "1"]

1. e4 e6 2. d4 d5 3. Nd2 c5 4. Ngf3 cxd4 5. exd5 Qxd5 6. Bc4 Qd6 7. 0-0 Nc6 8. Nb3 Nf6 9. Re1 Be7 10. Nbxd4 Nxd4 11. Nxd4 0-0 12. c3 Bd7 13. Qf3 Qb6 14. Bb3 a5 15. Be3 a4 16. Nxe6 Qa5 17. Nxf8 Bc6 18. Qg3 axb3 19. Bd4 Nh5 20. Qh3 Bxf8 21. Re5 Qxa2 22. Rae1 Nf4 23. Qg4 Ng6 24. R5e2 Qa5 25. h4 h5 26. Qg3 Qd5 27. Be5 Nxh4 28. Re4 Ng6 29. Qh3 h4 30. f4 Qxe4 31. Rxe4 Bxe4 32. Bd4 Ra1+ 33. Kf2 f5 34. Qe3 Rb1 35. c4 Bd6 36. Be5 Nxe5 37. fxe5 Rxb2+ 38. Ke1 Bxe5 39. Qc5 Bf6 40. Qc8+ Kh7 41. Qe8 g6 42. Qf7+ Bg7 43. Qe7 Rb1+ 44. Ke2 b2 45. Qxh4+ Kg8 46. Qd8+ Bf8 47. Qb6 Kh7 48. Qc7+ Bg7 49. Qh2+ Kg8 50. Qb8+ Bf8 51. Qg3 f4 52. Qxf4 Re1+ 53. Kd2 b1Q 0-1

[Event "FRA-chT rapid"]
[Site "Cappelle la Grande"]
[Date "2025.04.19"]
[Round "1.9"]
[White "Osmak, Iulija"]
[Black "Vanhille, Martin"]
[Result "1-0"]
[WhiteElo "2332"]
[BlackElo "1909"]
[PlyCount "47"]
[EventDate "2025.04.19"]
[EventType "team-swiss (rapid)"]
[EventRounds "15"]
[EventCountry "FRA"]
[SourceTitle "CB17_2025"]
[SourceDate "2025.04.23"]
[SourceVersion "1"]
[SourceVersionDate "2025.04.23"]
[SourceQuality "1"]

1. e4 c5 2. Nf3 Nc6 3. Bb5 e6 4. 0-0 Nge7 5. c3 d5 6. exd5 exd5 7. d4 a6 8. Bxc6+ Nxc6 9. Re1+ Be7 10. dxc5 0-0 11. Be3 Bg4 12. Nbd2 Qc7 13. h3 Bh5 14. Qa4 Rac8 15. b4 Bf6 16. Rac1 Rfd8 17. Qb3 h6 18. a4 Bg6 19. Bd4 Nxd4 20. cxd4 Ra8 21. Ne5 Bf5 22. Qf3 Be6 23. Qd3 Bg5 24. Rc3 1-0

[Event "Titled Tuesday intern op 25th Mar Early"]
[Site "Chess.com INT"]
[Date "2025.03.25"]
[Round "4"]
[White "Osmak, Iulija"]
[Black "Manon Og, Ramon Jr"]
[Result "1-0"]
[WhiteElo "2466"]
[BlackElo "1936"]
[PlyCount "61"]
[EventDate "2025.03.25"]
[EventType "swiss (blitz)"]
[EventRounds "11"]
[EventCountry "USA"]
[SourceTitle "CB14_2025"]
[SourceDate "2024.11.01"]
[SourceVersion "1"]
[SourceVersionDate "2024.11.01"]
[SourceQuality "1"]

1. e4 c5 2. Nf3 d6 3. Bb5+ Nd7 4. Ba4 a6 5. c4 e5 6. 0-0 Be7 7. d3 Ngf6 8. Nc3 0-0 9. a3 h6 10. b4 Nh7 11. Bxd7 Bxd7 12. bxc5 dxc5 13. Nxe5 Bf6 14. f4 Re8 15. Nd5 Bxe5 16. fxe5 Rxe5 17. Bb2 Rg5 18. Qf3 Be6 19. Qe3 Rc8 20. Rf2 Rg6 21. Raf1 Ng5 22. Kh1 b5 23. Nf4 bxc4 24. Nxg6 fxg6 25. dxc4 Bxc4 26. Qc3 Qd4 27. Qc1 Qxe4 28. Rf4 Bxf1 29. Rxe4 Bxg2+ 30. Kxg2 Nxe4 31. Qc4+ 1-0

[Event "Titled Tuesday intern op 04th Feb Early"]
[Site "Chess.com INT"]
[Date "2025.02.04"]
[Round "9"]
[White "Beulen, Marcel"]
[Black "Osmak, Iulija"]
[Result "0-1"]
[WhiteElo "2359"]
[BlackElo "2467"]
[PlyCount "64"]
[EventDate "2025.02.04"]
[EventType "swiss (blitz)"]
[EventRounds "11"]
[EventCountry "USA"]
[SourceTitle "CB07_2025"]
[SourceDate "2025.02.12"]
[SourceVersion "1"]
[SourceVersionDate "2025.02.12"]
[SourceQuality "1"]

1. e4 c5 2. Nf3 d6 3. Bc4 Nf6 4. d3 e6 5. 0-0 Be7 6. Bb3 0-0 7. c3 b6 8. Nbd2 Bb7 9. Re1 Nbd7 10. Qe2 Ne5 11. d4 cxd4 12. cxd4 Ng6 13. h3 Rc8 14. Qe3 h6 15. Bd1 e5 16. Be2 Nf4 17. Bf1 g5 18. b3 d5 19. exd5 N6xd5 20. Qxe5 Bf6 21. Qf5 Rc7 22. Ba3 Bc8 23. Qe4 Nc3 24. Qa8 Re8 25. Rxe8+ Qxe8 26. Re1 Qd8 27. Ne4 Nxe4 28. Qxe4 Kg7 29. Bb2 Bb7 30. Qe3 Re7 31. Ne5 Qd5 32. f3 b5 0-1

[Event "Titled Tuesday intern op 04th Feb Early"]
[Site "Chess.com INT"]
[Date "2025.02.04"]
[Round "2"]
[White "Serra Canals, Oriol"]
[Black "Osmak, Iulija"]
[Result "1-0"]
[WhiteElo "2128"]
[BlackElo "2467"]
[PlyCount "75"]
[EventDate "2025.02.04"]
[EventType "swiss (blitz)"]
[EventRounds "11"]
[EventCountry "USA"]
[SourceTitle "CB07_2025"]
[SourceDate "2025.02.12"]
[SourceVersion "1"]
[SourceVersionDate "2025.02.12"]
[SourceQuality "1"]

1. d4 Nf6 2. c4 c5 3. d5 e6 4. dxe6 fxe6 5. Nc3 d5 6. e4 d4 7. e5 dxc3 8. Qxd8+ Kxd8 9. exf6 gxf6 10. Ne2 cxb2 11. Bxb2 e5 12. f4 Nc6 13. Nc3 Be6 14. Rd1+ Kc7 15. Nb5+ Kb6 16. Nc3 Be7 17. fxe5 fxe5 18. Nd5+ Bxd5 19. Rxd5 Rhd8 20. Bd3 Nb4 21. Rxd8 Rxd8 22. Bxh7 Nxa2 23. Be4 Nb4 24. Ke2 Bg5 25. Bc3 a5 26. h4 Bf4 27. g3 Bxg3 28. h5 a4 29. h6 a3 30. h7 Na2 31. Ba1 Rh8 32. Rg1 Bf4 33. Rg8 Nc1+ 34. Kf2 Rxh7 35. Bxh7 Nb3 36. Ra8 Nxa1 37. Rxa3 Nc2 38. Bxc2 1-0

[Event "Titled Tuesday intern op 04th Feb Early"]
[Site "Chess.com INT"]
[Date "2025.02.04"]
[Round "7"]
[White "Von Naso, Lancelot"]
[Black "Osmak, Iulija"]
[Result "0-1"]
[WhiteElo "2207"]
[BlackElo "2467"]
[PlyCount "72"]
[EventDate "2025.02.04"]
[EventType "swiss (blitz)"]
[EventRounds "11"]
[EventCountry "USA"]
[SourceTitle "CB07_2025"]
[SourceDate "2025.02.12"]
[SourceVersion "1"]
[SourceVersionDate "2025.02.12"]
[SourceQuality "1"]

1. f4 b6 2. Nf3 Bb7 3. g3 f5 4. Bg2 Nf6 5. 0-0 g6 6. d3 Bg7 7. Nc3 0-0 8. e4 fxe4 9. Ng5 e6 10. Ngxe4 Nc6 11. h3 d5 12. Ng5 Qd6 13. d4 h6 14. Nf3 Ne4 15. Kh2 Ne7 16. Ne5 c5 17. Nxe4 dxe4 18. c3 cxd4 19. cxd4 Rad8 20. Be3 Nf5 21. Bg1 Nxd4 22. Nxg6 Rf7 23. Qh5 Rf5 24. Qh4 Kh7 25. Qg4 Rc5 26. Nh4 Rc2 27. Rad1 Qc6 28. Qg6+ Kh8 29. Bxd4 Rxd4 30. Rxd4 Bxd4 31. Qxh6+ Kg8 32. Ng6 Rxg2+ 33. Kh1 Rg1+ 34. Rxg1 e3+ 35. Kh2 Qc2+ 36. Rg2 Qxg2# 0-1

[Event "EU-ch blitz (Women)"]
[Site "Monaco"]
[Date "2025.01.10"]
[Round "2"]
[White "Osmak, Iulija"]
[Black "Kazarian, Anna Maja"]
[Result "0-1"]
[WhiteElo "2463"]
[BlackElo "2206"]
[PlyCount "92"]
[EventDate "2025.01.10"]
[EventType "swiss (blitz)"]
[EventRounds "13"]
[EventCountry "MNC"]
[SourceTitle "CB03_2025"]
[SourceDate "2025.01.15"]
[SourceVersion "1"]
[SourceVersionDate "2025.01.15"]
[SourceQuality "1"]

1. e4 e6 2. d4 d5 3. exd5 exd5 4. Nf3 Bd6 5. Bd3 Ne7 6. 0-0 0-0 7. c3 Bf5 8. Be2 Ng6 9. Re1 Nd7 10. Qb3 Nb6 11. a4 a5 12. Na3 Re8 13. Bg5 Qd7 14. Bb5 c6 15. Bf1 Bc7 16. Nc2 Be4 17. Nd2 Qf5 18. Nxe4 dxe4 19. Be3 Nh4 20. Rad1 Qh5 21. h3 Re6 22. d5 Rg6 23. Nd4 Nxg2 24. Bxg2 Qxh3 25. Kf1 Qxg2+ 26. Ke2 Nxd5 27. Rg1 Qh3 28. Rxg6 hxg6 29. c4 Nxe3 30. Qxe3 Qg4+ 31. Ke1 Re8 32. Ne2 Be5 33. Rd2 Bf6 34. Qg3 Qe6 35. b3 Qe7 36. Qh3 Qb4 37. Kd1 Bg5 38. Rd4 e3 39. f4 Qxb3+ 40. Ke1 Bf6 41. Rd1 Bc3+ 42. Nxc3 Qxc3+ 43. Ke2 Qc2+ 44. Kf3 Qxd1+ 45. Kg3 Qg1+ 46. Kh4 e2 0-1

[Event "EU-ch blitz (Women)"]
[Site "Monaco"]
[Date "2025.01.10"]
[Round "8"]
[White "Osmak, Iulija"]
[Black "Rodriguez Redondo, Adhara"]
[Result "1-0"]
[WhiteElo "2463"]
[BlackElo "2189"]
[PlyCount "91"]
[EventDate "2025.01.10"]
[EventType "swiss (blitz)"]
[EventRounds "13"]
[EventCountry "MNC"]
[SourceTitle "CB03_2025"]
[SourceDate "2025.01.15"]
[SourceVersion "1"]
[SourceVersionDate "2025.01.15"]
[SourceQuality "1"]

1. b4 e5 2. Bb2 Bxb4 3. Bxe5 Nf6 4. e3 Nc6 5. Bb2 d5 6. Nf3 0-0 7. Be2 Re8 8. 0-0 h6 9. d3 Bf5 10. Nbd2 Qe7 11. c4 dxc4 12. Nxc4 Rad8 13. d4 Be4 14. Rc1 Nd5 15. Qb3 Nb6 16. Nce5 Nxe5 17. Nxe5 Bd5 18. Qc2 c6 19. Ba1 Bd6 20. Bd3 Qg5 21. f4 Qe7 22. Rce1 Nd7 23. Re2 c5 24. e4 Bc6 25. d5 Nxe5 26. fxe5 Bxe5 27. dxc6 Bxa1 28. Rxa1 Qe5 29. Rd1 bxc6 30. Red2 Qd4+ 31. Kh1 Qe3 32. Bc4 Rd4 33. Rxd4 cxd4 34. Qb3 Qxb3 35. axb3 Rxe4 36. Kg1 c5 37. Ra1 Re7 38. Ra6 Rc7 39. Kf2 Kf8 40. Ke2 Ke7 41. Kd3 g6 42. g3 f6 43. Re6+ Kd7 44. Rxf6 a5 45. Rxg6 Ra7 46. Rg7+ 1-0

[Event "EU-ch blitz (Women)"]
[Site "Monaco"]
[Date "2025.01.10"]
[Round "12"]
[White "Sliwicka, Alicja"]
[Black "Osmak, Iulija"]
[Result "1/2-1/2"]
[WhiteElo "2344"]
[BlackElo "2463"]
[PlyCount "204"]
[EventDate "2025.01.10"]
[EventType "swiss (blitz)"]
[EventRounds "13"]
[EventCountry "MNC"]
[SourceTitle "CB03_2025"]
[SourceDate "2025.01.15"]
[SourceVersion "1"]
[SourceVersionDate "2025.01.15"]
[SourceQuality "1"]

1. e4 Nc6 2. d4 d5 3. e5 f6 4. Bf4 fxe5 5. dxe5 Bf5 6. Bd3 Bxd3 7. Qxd3 e6 8. Ne2 Qd7 9. a3 0-0-0 10. b4 g5 11. Bxg5 Be7 12. Bxe7 Ngxe7 13. f4 Rdg8 14. g3 h5 15. Nd2 h4 16. 0-0-0 Nf5 17. c4 Nce7 18. c5 Qa4 19. Kb2 a5 20. b5 d4 21. Qb3 Qxb3+ 22. Nxb3 Ne3 23. Rdg1 d3 24. Ned4 Rg6 25. gxh4 Rxg1 26. Rxg1 Rxh4 27. Kc3 N3d5+ 28. Kxd3 Nxf4+ 29. Ke3 Ned5+ 30. Kf3 Rh3+ 31. Kg4 Rxh2 32. c6 bxc6 33. bxc6 a4 34. Nc5 Rh6 35. Kf3 Rh3+ 36. Kf2 Rh2+ 37. Kg3 Rh6 38. Kf3 Rh3+ 39. Kg4 Rh8 40. Re1 Rh6 41. Kf3 Rh3+ 42. Kg4 Rh6 43. Nxa4 Rg6+ 44. Kf3 Nd3 45. Rh1 Nxe5+ 46. Ke4 Nf7 47. Rf1 Nd6+ 48. Kd3 Rg3+ 49. Kc2 Ne3+ 50. Kb2 Nxf1 51. Nxe6 Re3 52. Nd4 Rd3 53. Nc2 Nc4+ 54. Ka2 Rxa3+ 55. Nxa3 Ne5 56. Kb3 Nxc6 57. Nc5 Nd2+ 58. Kc3 Nf3 59. Nc4 Ne7 60. Ne3 Ne5 61. Kd4 N5c6+ 62. Kc4 Na5+ 63. Kb4 Nac6+ 64. Kc4 Ne5+ 65. Kd4 Nf3+ 66. Kc4 Nc6 67. Nf5 Nce5+ 68. Kd5 Ng6 69. Ke4 Ng5+ 70. Kd5 Nf3 71. Ke4 Nd2+ 72. Kd3 Nf3 73. Ke4 Ng5+ 74. Kd5 Nf4+ 75. Ke5 Ne2 76. Kd5 Nf3 77. Ne7+ Kd8 78. Nc6+ Ke8 79. Ne6 Kd7 80. Nc5+ Kc8 81. Ne7+ Kd8 82. Nc6+ Ke8 83. Ne6 Nc3+ 84. Kc4 Kd7 85. Kxc3 Kxe6 86. Kc4 Kd6 87. Na7 Ne5+ 88. Kb4 c5+ 89. Kc3 Kd5 90. Nc8 Nd7 91. Ne7+ Kd6 92. Nf5+ Ke5 93. Ne3 Ke4 94. Nc4 Nf6 95. Nb6 Ke5 96. Kc4 Kd6 97. Nc8+ Kc6 98. Ne7+ Kd6 99. Nc8+ Kc6 100. Ne7+ Kd7 101. Kxc5 Kxe7 102. Kd4 Ke6 1/2-1/2

[Event "EU-Cup (Women) 28th"]
[Site "Vrnjacka Banja"]
[Date "2024.10.25"]
[Round "6.4"]
[White "Manakova, Maria"]
[Black "Osmak, Iulija"]
[Result "0-1"]
[WhiteElo "2185"]
[BlackElo "2465"]
[PlyCount "128"]
[EventDate "2024.10.20"]
[EventType "team-swiss"]
[EventRounds "7"]
[EventCountry "SRB"]
[SourceTitle "CB44_2024"]
[Source "Chessbase"]
[SourceDate "2024.10.30"]
[SourceVersion "1"]
[SourceVersionDate "2024.10.30"]
[SourceQuality "1"]
[WhiteTeam "Zenica Napredak (W)"]
[BlackTeam "Bonnevoie Gambit (W)"]
[WhiteTeamCountry "SRB"]
[BlackTeamCountry "LUX"]

1. e4 c5 2. Nf3 d6 3. d4 cxd4 4. Nxd4 Nf6 5. Nc3 a6 6. h3 e5 7. Nb3 Be7 8. Be3 h6 9. Qf3 b5 10. 0-0-0 Nbd7 11. Qg3 b4 12. Nd5 Nxd5 13. exd5 Bg5 14. Kb1 0-0 15. f4 Bh4 16. Qh2 a5 17. fxe5 Nxe5 18. Nd4 Bd7 19. Nf3 Bf6 20. Nxe5 Bxe5 21. Bf4 Re8 22. Bd3 Qf6 23. Rhf1 Bxf4 24. Qxf4 Qxf4 25. Rxf4 Re5 26. c3 bxc3 27. bxc3 f5 28. Kc2 Rb8 29. Rdf1 g5 30. Rd4 Kg7 31. g3 Kf6 32. h4 a4 33. a3 Re3 34. Rg1 Rb3 35. hxg5+ hxg5 36. Kd2 Re7 37. Ra1 Rb2+ 38. Bc2 Rh7 39. Kc1 Rb8 40. Rb1 Rh1+ 41. Rd1 Rxb1+ 42. Bxb1 Rxd1+ 43. Kxd1 Ke5 44. Ba2 Ke4 45. Ke2 Bb5+ 46. c4 Bd7 47. Bb1+ Kd4 48. Bd3 Kc3 49. Ke3 f4+ 50. gxf4 gxf4+ 51. Ke4 Bf5+ 52. Kxf5 Kxd3 53. Kxf4 Kxc4 54. Ke4 Kc5 55. Ke3 Kxd5 56. Kd3 Kc5 57. Kc3 d5 58. Kd3 d4 59. Kd2 Kc4 60. Kc2 d3+ 61. Kd2 Kd4 62. Kd1 Kc3 63. Kc1 Kb3 64. Kd2 Kxa3 0-1